Colección Thysen-Bornemisza (Record no. 133638)

MARC details
000 -LEADER
campo de control de longitud fija 00782nam a2200229 i 4500
001 - NÚMERO DE CONTROL
campo de control 133638
003 - IDENTIFICADOR DE NÚMERO DE CONTROL
campo de control ES-MaACL
005 - FECHA Y HORA DE LA ÚLTIMA TRANSACCIÓN
campo de control 20230906194459.0
007 - CAMPO FIJO DE DESCRIPCIÓN FÍSICA--INFORMACIÓN GENERAL
campo de control de longitud fija t|
008 - DATOS DE LONGITUD FIJA--INFORMACIÓN GENERAL
campo de control de longitud fija 070823s1993 sp ||||1| spa d
020 ## - NÚMERO INTERNACIONAL ESTÁNDAR DEL LIBRO
Número Internacional Estándar del Libro 84-88045-87-5
080 ## - NÚMERO DE LA CLASIFICACIÓN DECIMAL UNIVERSAL
Número de la Clasificación Decimal Universal 75:069(460.27 M.)(036)
100 1# - ENTRADA PRINCIPAL--NOMBRE DE PERSONA
Nombre de persona Marías, Fernando.
9 (RLIN) 76686
245 10 - MENCIÓN DEL TÍTULO
Título Colección Thysen-Bornemisza
Resto del título : Monasterio de Pedralbes /
Mención de responsabilidad, etc. Fernando Marías, Consuelo Luca de Tena.
260 ## - PUBLICACIÓN, DISTRIBUCIÓN, ETC.
Lugar de publicación, distribución, etc. Madrid :
Nombre del editor, distribuidor, etc. Fundación Colección Thyssen-Bornemisza,
Fecha de publicación, distribución, etc. [1993]
300 ## - DESCRIPCIÓN FÍSICA
Extensión 109 p. :
Otras características físicas il. ;
Dimensiones 22 cm.
500 ## - NOTA GENERAL
Nota general Biblioteca Jacinto Martínez Lacalle.
500 ## - NOTA GENERAL
Nota general Indice.
610 2# - PUNTO DE ACCESO ADICIONAL DE MATERIA--NOMBRE DE ENTIDAD CORPORATIVA
Nombre de entidad corporativa o nombre de jurisdicción como elemento de entrada Museo Thyssen-Bornemisza-
Subdivisión de forma Guías turísticas.
9 (RLIN) 5928
700 1# - ENTRADA AGREGADA--NOMBRE PERSONAL
Nombre de persona Luca de Tena, Consuelo.
9 (RLIN) 74511
852 ## - LOCALIZACIÓN
Ubicación ES-MaACL
Número de control de estantería E-12010
Sublocalización o colección R.139948
Holdings
Estatus retirado Estado de pérdida Estado de daño No para préstamo Biblioteca de origen Biblioteca actual Ubicación en estantería Fecha de adquisición Fuente de adquisición Total de préstamos Signatura topográfica completa Código de barras Visto por última vez Precio de reemplazo Tipo de ítem Koha
        Biblioteca del Ateneo de Madrid Biblioteca del Ateneo de Madrid Depósito 2 17/01/2008     E-12010 1139117 23/02/2023 23/02/2023 Libro impreso